<?xml version="1.0" encoding="UTF-8"?>
<record
    xmlns:xsi="http://www.w3.org/2001/XMLSchema-instance"
    xsi:schemaLocation="http://www.loc.gov/MARC21/slim http://www.loc.gov/standards/marcxml/schema/MARC21slim.xsd"
    xmlns="http://www.loc.gov/MARC21/slim">

  <leader>01647nam a22003135a 4500</leader>
  <controlfield tag="003">OSt</controlfield>
  <controlfield tag="005">20170724150337.0</controlfield>
  <controlfield tag="008">170720s2015    ua a   grb   f000 0 ara d</controlfield>
  <datafield tag="017" ind1=" " ind2=" ">
    <subfield code="a">2015 / 11103</subfield>
  </datafield>
  <datafield tag="020" ind1=" " ind2=" ">
    <subfield code="a">9789779203072</subfield>
  </datafield>
  <datafield tag="040" ind1=" " ind2=" ">
    <subfield code="a">EG-ScBUE </subfield>
    <subfield code="b">ara</subfield>
    <subfield code="c">EG-ScBUE </subfield>
  </datafield>
  <datafield tag="041" ind1="1" ind2=" ">
    <subfield code="a">ara</subfield>
    <subfield code="a">eng</subfield>
    <subfield code="a">fre</subfield>
    <subfield code="h">mlg</subfield>
    <subfield code="h">kau</subfield>
    <subfield code="h">yor</subfield>
  </datafield>
  <datafield tag="043" ind1=" " ind2=" ">
    <subfield code="a">f------ </subfield>
  </datafield>
  <datafield tag="082" ind1="0" ind2="4">
    <subfield code="a">306.4496</subfield>
    <subfield code="b">&#x628; &#x62D; &#x62B;</subfield>
    <subfield code="2">22</subfield>
  </datafield>
  <datafield tag="245" ind1="0" ind2="2">
    <subfield code="a">&#x627;&#x644;&#x628;&#x62D;&#x62B; &#x639;&#x646; &#x627;&#x644;&#x647;&#x648;&#x64A;&#x629; &#x627;&#x644;&#x623;&#x641;&#x631;&#x64A;&#x642;&#x64A;&#x629; &#x641;&#x64A; &#x627;&#x644;&#x645;&#x62E;&#x637;&#x648;&#x637;&#x627;&#x62A; &#x628;&#x627;&#x644;&#x62D;&#x631;&#x641; &#x627;&#x644;&#x639;&#x631;&#x628;&#x64A; (&#x627;&#x644;&#x639;&#x62C;&#x645;&#x64A;) :</subfield>
    <subfield code="b">&#x646;&#x645;&#x627;&#x630;&#x62C; &#x645;&#x646; &#x643;&#x62A;&#x627;&#x628; "&#x62A;&#x631;&#x627;&#x62B; &#x645;&#x62E;&#x637;&#x648;&#x637;&#x627;&#x62A; &#x627;&#x644;&#x644;&#x63A;&#x627;&#x62A; &#x627;&#x644;&#x623;&#x641;&#x631;&#x64A;&#x642;&#x64A;&#x629; &#x628;&#x627;&#x644;&#x62D;&#x631;&#x641; &#x627;&#x644;&#x639;&#x631;&#x628;&#x64A; (&#x627;&#x644;&#x639;&#x62C;&#x645;&#x64A;) : &#x644;&#x63A;&#x627;&#x62A; : &#x627;&#x644;&#x645;&#x644;&#x62C;&#x627;&#x634;&#x64A;&#x629; - &#x627;&#x644;&#x643;&#x627;&#x646;&#x648;&#x631;&#x64A; - &#x627;&#x644;&#x64A;&#x648;&#x631;&#x648;&#x628;&#x627; /</subfield>
    <subfield code="c">&#x62A;&#x62D;&#x631;&#x64A;&#x631; &#x648;&#x62A;&#x642;&#x62F;&#x64A;&#x645; &#x62D;&#x644;&#x645;&#x64A; &#x634;&#x639;&#x631;&#x627;&#x648;&#x64A;.</subfield>
  </datafield>
  <datafield tag="246" ind1="3" ind2="5">
    <subfield code="a">In search of African identity in the manuscripts in Arabic letter (Ajami)</subfield>
    <subfield code="b">extracts from "heritage of the African languages manuscripts (Ajami)")</subfield>
  </datafield>
  <datafield tag="250" ind1=" " ind2=" ">
    <subfield code="a">&#x637;. 1.</subfield>
  </datafield>
  <datafield tag="260" ind1=" " ind2=" ">
    <subfield code="a">&#x627;&#x644;&#x642;&#x627;&#x647;&#x631;&#x629; :</subfield>
    <subfield code="b">&#x627;&#x644;&#x645;&#x62C;&#x644;&#x633; &#x627;&#x644;&#x623;&#x639;&#x644;&#x649; &#x644;&#x644;&#x62B;&#x642;&#x627;&#x641;&#x629;&#x60C;</subfield>
    <subfield code="c">2015.</subfield>
  </datafield>
  <datafield tag="300" ind1=" " ind2=" ">
    <subfield code="a">1 &#x645;&#x62C;. (&#x645;&#x62A;&#x639;&#x62F;&#x62F; &#x627;&#x644;&#x62A;&#x631;&#x642;&#x64A;&#x645;) &#x61B;</subfield>
    <subfield code="b">&#x625;&#x64A;&#x636; &#x61B;</subfield>
    <subfield code="c">24 &#x633;&#x645;.</subfield>
  </datafield>
  <datafield tag="504" ind1=" " ind2=" ">
    <subfield code="a">&#x628;&#x628;&#x644;&#x64A;&#x648;&#x62C;&#x631;&#x627;&#x641;&#x64A;&#x629; : &#x635;. 40-46.</subfield>
  </datafield>
  <datafield tag="546" ind1=" " ind2=" ">
    <subfield code="a">&#x627;&#x644;&#x646;&#x635; &#x628;&#x627;&#x644;&#x644;&#x63A;&#x629; &#x627;&#x644;&#x639;&#x631;&#x628;&#x64A;&#x629; &#x648;&#x627;&#x644;&#x625;&#x646;&#x62C;&#x644;&#x64A;&#x632;&#x64A;&#x629; &#x648;&#x627;&#x644;&#x641;&#x631;&#x646;&#x633;&#x64A;&#x629; &#x61B; &#x645;&#x62A;&#x631;&#x62C;&#x645; &#x645;&#x646; &#x627;&#x644;&#x644;&#x63A;&#x627;&#x62A; &#x627;&#x644;&#x645;&#x644;&#x62C;&#x627;&#x634;&#x64A;&#x629; &#x648;&#x627;&#x644;&#x643;&#x627;&#x646;&#x648;&#x631;&#x64A; &#x648;&#x627;&#x644;&#x64A;&#x648;&#x631;&#x648;&#x628;&#x627;.
.</subfield>
  </datafield>
  <datafield tag="590" ind1=" " ind2=" ">
    <subfield code="a">Wessam</subfield>
  </datafield>
  <datafield tag="650" ind1=" " ind2="7">
    <subfield code="a">&#x627;&#x644;&#x644;&#x63A;&#x627;&#x62A; &#x627;&#x644;&#x623;&#x641;&#x631;&#x64A;&#x642;&#x64A;&#x629;</subfield>
    <subfield code="x">&#x645;&#x62E;&#x637;&#x648;&#x637;&#x627;&#x62A;.</subfield>
    <subfield code="2">BUEsh</subfield>
  </datafield>
  <datafield tag="650" ind1=" " ind2="7">
    <subfield code="a">&#x627;&#x644;&#x645;&#x62E;&#x637;&#x648;&#x637;&#x627;&#x62A; &#x627;&#x644;&#x623;&#x641;&#x631;&#x64A;&#x642;&#x64A;&#x629;.</subfield>
    <subfield code="2">BUEsh</subfield>
  </datafield>
  <datafield tag="651" ind1=" " ind2="7">
    <subfield code="a">&#x623;&#x641;&#x631;&#x64A;&#x642;&#x64A;&#x627;</subfield>
    <subfield code="x">&#x62D;&#x636;&#x627;&#x631;&#x629;.</subfield>
    <subfield code="2">BUEsh</subfield>
  </datafield>
  <datafield tag="653" ind1=" " ind2=" ">
    <subfield code="b">GGEN</subfield>
    <subfield code="c">July2017</subfield>
  </datafield>
  <datafield tag="700" ind1="1" ind2=" ">
    <subfield code="a">&#x634;&#x639;&#x631;&#x627;&#x648;&#x64A;&#x60C; &#x62D;&#x644;&#x645;&#x64A;&#x60C;</subfield>
    <subfield code="e">&#x645;&#x62D;&#x631;&#x631;&#x60C;</subfield>
    <subfield code="e">&#x645;&#x642;&#x62F;&#x645;.</subfield>
  </datafield>
  <datafield tag="942" ind1=" " ind2=" ">
    <subfield code="2">ddc</subfield>
  </datafield>
  <datafield tag="999" ind1=" " ind2=" ">
    <subfield code="c">25060</subfield>
    <subfield code="d">25032</subfield>
  </datafield>
  <datafield tag="952" ind1=" " ind2=" ">
    <subfield code="0">0</subfield>
    <subfield code="1">0</subfield>
    <subfield code="2">ddc</subfield>
    <subfield code="4">0</subfield>
    <subfield code="7">0</subfield>
    <subfield code="8">&#x635;. &#x62A;. &#x62B;</subfield>
    <subfield code="a">MAIN</subfield>
    <subfield code="b">MAIN</subfield>
    <subfield code="c">2ND</subfield>
    <subfield code="d">2017-07-20</subfield>
    <subfield code="e">Purchase</subfield>
    <subfield code="g">12.00</subfield>
    <subfield code="h">2921</subfield>
    <subfield code="o">306.4496 &#x628; &#x62D; &#x62B;</subfield>
    <subfield code="p">000034280</subfield>
    <subfield code="r">2025-07-15 00:00:00</subfield>
    <subfield code="s">2018-03-06</subfield>
    <subfield code="v">15.00</subfield>
    <subfield code="y">BB</subfield>
  </datafield>
</record>
